000 00677nam a2200241Ia 4500
003 OSt
005 20220926005540.0
006 a|||||r|||| 00| 0
007 ta
008 220923b |||||||| |||| 00| 0 eng d
037 _cGeneral Book
040 _aRTL
_cRTL
_beng
041 _2eng
_aeng
082 _aT:3(X5), L1
100 _aKhan Mohd. Sharif
_994554
245 0 _aTeaching of Commerce
260 _a New Delhi
_bSterling Publishers India
_c1971
300 _a72p. Bibliography p.72
_ccm.
650 _a Education
650 _aTeaching Techniques
_9234490
942 _hT:3(X5), L1
_cGB
_2CC
999 _c614223
_d614223